Condorcet (Record no. 131183)

MARC details
000 -LEADER
campo de control de longitud fija 00662nam a2200193 i 4500
001 - NÚMERO DE CONTROL
campo de control 131183
003 - IDENTIFICADOR DE NÚMERO DE CONTROL
campo de control ES-MaACL
005 - FECHA Y HORA DE LA ÚLTIMA TRANSACCIÓN
campo de control 20250425172432.0
007 - CAMPO FIJO DE DESCRIPCIÓN FÍSICA--INFORMACIÓN GENERAL
campo de control de longitud fija t|
008 - DATOS DE LONGITUD FIJA--INFORMACIÓN GENERAL
campo de control de longitud fija 070214s1945 ag r ||||1| spa d
100 1# - ENTRADA PRINCIPAL--NOMBRE DE PERSONA
Nombre de persona Robinet, Jean-François-Eugène.
9 (RLIN) 98991
245 10 - MENCIÓN DEL TÍTULO
Título Condorcet
Resto del título : su vida y su obra /
Mención de responsabilidad, etc. J. F. Robinet ; traducción del francés por Sara Jaroslavsky.
260 ## - PUBLICACIÓN, DISTRIBUCIÓN, ETC.
Lugar de publicación, distribución, etc. Buenos Aires :
Nombre del editor, distribuidor, etc. Americalee,
Fecha de publicación, distribución, etc. 1945.
300 ## - DESCRIPCIÓN FÍSICA
Extensión 363 p. ;
Dimensiones 21 cm.
600 14 - PUNTO DE ACCESO ADICIONAL DE MATERIA--NOMBRE DE PERSONA
Nombre de persona Condorcet, Jean Antoine Nicolas de Caritat,
Títulos y otros términos asociados al nombre marquis de,
Fechas asociadas al nombre 1743-1794
9 (RLIN) 240091
700 1# - ENTRADA AGREGADA--NOMBRE PERSONAL
Nombre de persona Jaroslavsky, Sara.
9 (RLIN) 154507
852 ## - LOCALIZACIÓN
Ubicación ES-MaACL
Número de control de estantería C-4409
Sublocalización o colección R.24229
Holdings
Estatus retirado Estado de pérdida Estado de daño No para préstamo Biblioteca de origen Biblioteca actual Ubicación en estantería Fecha de adquisición Fuente de adquisición Total de préstamos Signatura topográfica completa Código de barras Visto por última vez Precio de reemplazo Tipo de ítem Koha
        Biblioteca del Ateneo de Madrid Biblioteca del Ateneo de Madrid Sala Palomar 17/01/2008     C-4409 1136574 23/02/2023 23/02/2023 Libro impreso